000 00493nam a22001457a 4500
020 _a1403922497
082 _a650
_bJOH/H
100 _aJOHN EASO
245 _aHANDBOOK ON MANAGEMENT OF NON-PROFIT ORGANIZATIONS
260 _aDELHI
_bMACMILLAN INDIA
_c2004
300 _a228
520 _aTHIS BOOK EMPHASISES THAT CERTAIN MANAGEMENT PRACTICES CAN BE ADOPTED AND IMPLEMENTED BY NPO'S INORDER TO OPTIMIZE THE UTILIZATION OF RESOURCES.
650 _aRESOURCE PLANNING IN NPO
_zINDIA
942 _cBK
999 _c5407
_d5407